[Event "16. Obert Int. Sant Martí 2014 Grupo B"]
[Site "Barcelona ESP"]
[Date "2014.07.15"]
[Round "3.34"]
[White "Ferre Navarro, Joan"]
[Black "Pascual Gonzalez-Novelles, Carles"]
[Result "0-1"]
[WhiteElo "1846"]
[BlackElo "2010"]
[PlyCount "126"]
[EventDate "2014.07.13"]
[EventType "swiss"]
[EventRounds "9"]
[EventCountry "ESP"]
[Source "lmi"]
[SourceDate "2014.07.13"]

1. d4 Nf6 2. c4 g6 3. Nc3 d5 4. c5 Bg7 5. e3 b6 6. b4 O-O 7. Bb2 c6 8. Nf3 Ba6
9. Be2 Bxe2 10. Qxe2 a5 11. a3 b5 12. O-O axb4 13. axb4 Na6 14. Ba3 Nd7 15. Ra2
Qc7 16. Rfa1 Qb7 17. Qd2 e5 18. Ne2 e4 19. Ne1 Ra7 20. Nc1 Rfa8 21. Nb3 Bf6 22.
Na5 Qc8 23. Bb2 Bd8 24. Bc3 Nf8 25. Nc2 Ne6 26. Qe2 Ng7 27. f3 exf3 28. Qxf3 f5
29. Qf4 Bc7 30. Qg5 Qe6 31. Bd2 Nb8 32. Be1 Nd7 33. Bg3 Bxg3 34. Qxg3 Nf6 35.
Qg5 Ne4 36. Qf4 Nc3 37. Kf2 Nxa2 38. Rxa2 Nh5 39. Qf3 Nf6 40. Ra3 Ne4+ 41. Ke2
Ng5 42. Qf4 Qe4 43. Qxe4 fxe4 44. Ra1 Rc7 45. Rf1 Rf8 46. Rf4 Kg7 47. Rxf8 Kxf8
48. Ne1 Ke7 49. g3 Kf6 50. Ng2 Nf3 51. h4 Kf5 52. Nf4 Kg4 53. Kf2 Nd2 54. Ne6
Rc8 55. Nf4 Nc4 56. Nxc6 Rxc6 57. Nxd5 Nb2 58. Nf4 Rf6 59. d5 Nd3+ 60. Kg2 Nxb4
61. c6 Rxf4 62. c7 Rf8 63. d6 Nd5 0-1

[Event "16. Obert Int. Sant Martí 2014 Grupo B"]
[Site "Barcelona ESP"]
[Date "2014.07.15"]
[Round "3.35"]
[White "Gonzalez Alonso, Marti"]
[Black "Ramos Alvarez, Maximo"]
[Result "0-1"]
[WhiteElo "1844"]
[BlackElo "2001"]
[PlyCount "90"]
[EventDate "2014.07.13"]
[EventType "swiss"]
[EventRounds "9"]
[EventCountry "ESP"]
[Source "lmi"]
[SourceDate "2014.07.13"]

1. e4 c5 2. Nf3 e6 3. d4 cxd4 4. Nxd4 Nf6 5. Bd3 Nc6 6. Nf3 d5 7. Qe2 dxe4 8.
Bxe4 Nxe4 9. Qxe4 f5 10. Qe2 e5 11. Nxe5 Qa5+ 12. Nc3 Qxe5 13. Qxe5+ Nxe5 14.
Nb5 Bb4+ 15. c3 Ba5 16. O-O O-O 17. b4 Bb6 18. Bf4 Ng6 19. Bd6 Rd8 20. Rad1 Be6
21. Bc7 Rxd1 22. Rxd1 a6 23. Bxb6 axb5 24. Rd8+ Rxd8 25. Bxd8 Bxa2 26. g3 Kf7
27. f4 Ke6 28. Bb6 Ne7 29. Bd4 g6 30. Kf2 Kd5 31. Ke3 Kc4 32. Kd2 Kd5 33. Ke3
Nc8 34. h3 Nd6 35. g4 Kc4 36. Kd2 Bb3 37. Kc1 Kd3 38. Kb2 Bd1 39. g5 Ke4 40.
Kc1 Bf3 41. Be5 Nc4 42. Bc7 Ne3 43. Kd2 Ng2 44. Be5 Nxf4 45. Bxf4 Kxf4 0-1

[Event "16. Obert Int. Sant Martí 2014 Grupo B"]
[Site "Barcelona ESP"]
[Date "2014.07.15"]
[Round "3.36"]
[White "Sanchez Coves, Joan Josep"]
[Black "Albert Cristobal, Jorge"]
[Result "0-1"]
[WhiteElo "1842"]
[BlackElo "1993"]
[PlyCount "108"]
[EventDate "2014.07.13"]
[EventType "swiss"]
[EventRounds "9"]
[EventCountry "ESP"]
[Source "lmi"]
[SourceDate "2014.07.13"]

1. Nf3 Nc6 2. g3 d5 3. Bg2 e5 4. d3 Nf6 5. O-O Be6 6. Ng5 Qd7 7. e4 d4 8. f4
Bg4 9. Qe1 h6 10. fxe5 Nxe5 11. Nf3 Bd6 12. Nbd2 Nxf3+ 13. Nxf3 Bxf3 14. Bxf3
O-O-O 15. Bf4 Bxf4 16. gxf4 h5 17. f5 Rde8 18. Qb4 Re5 19. a4 Ng4 20. Bxg4 hxg4
21. Ra3 Qc6 22. Rb3 b6 23. Qxd4 Ree8 24. Qd5 Qxc2 25. Qa8+ Kd7 26. Qd5+ Ke7 27.
Rf2 Qc1+ 28. Rf1 Qe3+ 29. Kh1 Rxh2+ 30. Kxh2 g3+ 31. Kg2 Qe2+ 32. Kxg3 Qxf1 33.
Rc3 Qg1+ 34. Kf3 Qh2 35. Qc6 Qxb2 36. Qxc7+ Kf8 37. Qd6+ Kg8 38. Qc6 Rf8 39.
Rc2 Qb1 40. Ke3 Rd8 41. Rc3 Qe1+ 42. Kf3 Qf1+ 43. Ke3 Qh3+ 44. Ke2 Qh2+ 45. Ke3
Qe5 46. Qc7 Qd4+ 47. Kf3 Rd6 48. Qc4 Qe5 49. Rc1 Rh6 50. Qc6 Qd4 51. Ke2 Rh3
52. Qc4 Rh2+ 53. Kf3 Qf2+ 54. Kg4 Rh4+ 0-1

[Event "16. Obert Int. Sant Martí 2014 Grupo B"]
[Site "Barcelona ESP"]
[Date "2014.07.15"]
[Round "3.37"]
[White "Martin Sanchez, Antoni"]
[Black "Sobrevia Castellar, Lluis"]
[Result "1/2-1/2"]
[WhiteElo "1825"]
[BlackElo "1975"]
[PlyCount "87"]
[EventDate "2014.07.13"]
[EventType "swiss"]
[EventRounds "9"]
[EventCountry "ESP"]
[Source "lmi"]
[SourceDate "2014.07.13"]

1. d4 Nf6 2. Nf3 g6 3. c4 Bg7 4. Nc3 d6 5. h3 Nbd7 6. e4 e5 7. d5 O-O 8. Be3 h6
9. Be2 Kh7 10. O-O b6 11. Bd3 Ng8 12. Qc2 Nc5 13. Bxc5 bxc5 14. Nh2 f5 15. f4
Ne7 16. Ne2 fxe4 17. Bxe4 Bf5 18. Rab1 Qd7 19. b4 cxb4 20. Rxb4 Rab8 21. Rxb8
Rxb8 22. g4 Bxe4 23. Qxe4 Rf8 24. Ng3 Rxf4 25. Rxf4 exf4 26. Qxf4 Ng8 27. Nf3
Qe7 28. Kg2 Nf6 29. h4 Nd7 30. h5 g5 31. Qf5+ Kg8 32. Ne4 Qf7 33. Qxf7+ Kxf7
34. Kf2 Nb6 35. Ned2 Bc3 36. Ke3 Bxd2+ 37. Nxd2 Kf6 38. Kd4 Nd7 39. Ne4+ Kf7
40. a4 Ne5 41. Nf2 Nd7 42. Ne4 Ne5 43. Nf2 Nd7 44. Ne4 1/2-1/2

[Event "16. Obert Int. Sant Martí 2014 Grupo B"]
[Site "Barcelona ESP"]
[Date "2014.07.15"]
[Round "3.38"]
[White "Solís Calancha, Jordi"]
[Black "Vicente Soriano, Josep"]
[Result "0-1"]
[WhiteElo "1810"]
[BlackElo "1962"]
[PlyCount "58"]
[EventDate "2014.07.13"]
[EventType "swiss"]
[EventRounds "9"]
[EventCountry "ESP"]
[Source "lmi"]
[SourceDate "2014.07.13"]

1. d4 Nf6 2. c4 g6 3. Nc3 Bg7 4. Nf3 d6 5. Bg5 h6 6. Bh4 Nbd7 7. e3 O-O 8. Qc2
a5 9. Be2 b6 10. O-O Re8 11. Rfd1 e5 12. Rac1 Bb7 13. a3 g5 14. Bg3 Nh5 15.
Nxg5 Nxg3 16. Qh7+ Kf8 17. Nxf7 Nxe2+ 18. Nxe2 Kxf7 19. Qf5+ Kg8 20. d5 Nc5 21.
e4 Rf8 22. Qh3 Qg5 23. Ng3 Bc8 24. Nf5 Bxf5 25. exf5 Rxf5 26. f3 Raf8 27. b4
axb4 28. axb4 Nd3 29. Rc3 Nf4 0-1

[Event "16. Obert Int. Sant Martí 2014 Grupo B"]
[Site "Barcelona ESP"]
[Date "2014.07.15"]
[Round "3.39"]
[White "Torres Julian, Marc"]
[Black "Rius Riu, Gerard"]
[Result "1-0"]
[WhiteElo "1959"]
[BlackElo "1846"]
[PlyCount "101"]
[EventDate "2014.07.13"]
[EventType "swiss"]
[EventRounds "9"]
[EventCountry "ESP"]
[Source "lmi"]
[SourceDate "2014.07.13"]

1. e4 c5 2. Nf3 d6 3. d4 Nf6 4. Nc3 cxd4 5. Nxd4 g6 6. Be3 Bg7 7. f3 O-O 8. Bc4
Nc6 9. Qd2 Nd7 10. O-O-O Nb6 11. Nxc6 bxc6 12. Bb3 Bd7 13. Bh6 a5 14. a3 Qc8
15. Bxg7 Kxg7 16. Qd4+ Kg8 17. Qxb6 c5 18. Bd5 Ra6 19. Qb7 Qxb7 20. Bxb7 Rb6
21. Bd5 Rfb8 22. b3 Kf8 23. a4 e6 24. Bc4 Ke7 25. Bb5 Bc8 26. Rd2 Bb7 27. Rhd1
Rd8 28. Nb1 Ba8 29. Na3 d5 30. exd5 exd5 31. Nc4 Rbb8 32. Ne3 d4 33. Nc4 Bd5
34. Re1+ Kf6 35. Nxa5 Ra8 36. Nc4 Bxc4 37. Bxc4 Rab8 38. Rde2 Rb7 39. Re8 Rdd7
40. Rh8 h5 41. Rc8 Rdc7 42. Rxc7 Rxc7 43. a5 Rb7 44. Re8 Rc7 45. a6 Kg7 46. Rb8
Re7 47. Kd2 Ra7 48. Rb7 Ra8 49. Rxf7+ Kh6 50. a7 Kg5 51. Bd5 1-0

[Event "16. Obert Int. Sant Martí 2014 Grupo B"]
[Site "Barcelona ESP"]
[Date "2014.07.15"]
[Round "3.40"]
[White "Garcia Punzano, Josep Lluis"]
[Black "Tadevosyan, Galust"]
[Result "0-1"]
[WhiteElo "1950"]
[BlackElo "1843"]
[PlyCount "54"]
[EventDate "2014.07.13"]
[EventType "swiss"]
[EventRounds "9"]
[EventCountry "ESP"]
[Source "lmi"]
[SourceDate "2014.07.13"]

1. d4 Nf6 2. Nf3 c5 3. Bf4 cxd4 4. Nxd4 e5 5. Bxe5 Qa5+ 6. Nc3 Qxe5 7. e3 Bb4
8. Bd3 O-O 9. O-O Nc6 10. Nf3 Qe7 11. Nb5 d5 12. c3 Bc5 13. h3 a6 14. Nbd4 Ne5
15. Bc2 Nxf3+ 16. Nxf3 Be6 17. Re1 Ne4 18. Qd3 Rfd8 19. Nd4 Qh4 20. Re2 Bxd4
21. exd4 Bf5 22. Qf3 Bg6 23. Rae1 h6 24. Bb3 Bh5 25. g4 Ng5 26. Qf5 Bg6 27. Qe5
Nf3+ 0-1

[Event "16. Obert Int. Sant Martí 2014 Grupo B"]
[Site "Barcelona ESP"]
[Date "2014.07.15"]
[Round "3.41"]
[White "Perez Garcia, Jose Miguel"]
[Black "Recacha Limeres, Sergi"]
[Result "1-0"]
[WhiteElo "1945"]
[BlackElo "1839"]
[PlyCount "33"]
[EventDate "2014.07.13"]
[EventType "swiss"]
[EventRounds "9"]
[EventCountry "ESP"]
[Source "lmi"]
[SourceDate "2014.07.13"]

1. e4 e6 2. Nf3 d5 3. e5 c5 4. b4 Qb6 5. bxc5 Bxc5 6. d4 Be7 7. Bd3 Nc6 8. O-O
Bd7 9. c3 f6 10. Ba3 Bxa3 11. Nxa3 Rc8 12. Rb1 Qd8 13. Nb5 Ke7 14. Nd6 Rc7 15.
Qc1 g5 16. Qa3 Qb8 17. Nxb7+ 1-0

[Event "16. Obert Int. Sant Martí 2014 Grupo B"]
[Site "Barcelona ESP"]
[Date "2014.07.15"]
[Round "3.42"]
[White "Tortosa Moros, Joan"]
[Black "Rey Plaza, Sergio"]
[Result "0-1"]
[WhiteElo "1941"]
[BlackElo "1831"]
[PlyCount "66"]
[EventDate "2014.07.13"]
[EventType "swiss"]
[EventRounds "9"]
[EventCountry "ESP"]
[Source "lmi"]
[SourceDate "2014.07.13"]

1. e4 e6 2. d4 d5 3. Nc3 dxe4 4. Nxe4 Bd7 5. Nf3 Bc6 6. Bd3 Nd7 7. O-O Ngf6 8.
Qe2 Be7 9. c4 Nxe4 10. Bxe4 Bxe4 11. Qxe4 c6 12. Qg4 Bf6 13. Rd1 Nb6 14. Ne5 h5
15. Qf3 Qe7 16. b3 g5 17. Ba3 Qd8 18. h3 g4 19. hxg4 hxg4 20. Qxg4 Qc7 21. Bb2
O-O-O 22. Qf3 Bxe5 23. dxe5 Rdg8 24. Rd6 Rg6 25. Rad1 Rgh6 26. Kf1 f6 27. exf6
Nd5 28. Rxe6 Rh1+ 29. Ke2 Nf4+ 30. Ke3 Rxd1 31. Qxd1 Nxe6 32. f7 Qf4+ 33. Ke2
Qe4+ 0-1

[Event "16. Obert Int. Sant Martí 2014 Grupo B"]
[Site "Barcelona ESP"]
[Date "2014.07.15"]
[Round "3.43"]
[White "Vargas Ramirez, Ana Maria"]
[Black "Romero Funieles, Rafael De Jesus"]
[Result "1/2-1/2"]
[WhiteElo "1796"]
[BlackElo "1939"]
[PlyCount "139"]
[EventDate "2014.07.13"]
[EventType "swiss"]
[EventRounds "9"]
[EventCountry "ESP"]
[Source "lmi"]
[SourceDate "2014.07.13"]

1. e4 e5 2. Nf3 d6 3. d4 exd4 4. Qxd4 c5 5. Bb5+ Nc6 6. Bxc6+ bxc6 7. Qd3 Ne7
8. O-O Ng6 9. c4 Be7 10. Nc3 O-O 11. Ne2 Bg4 12. b3 Bf6 13. Rb1 Qc7 14. Bb2
Bxb2 15. Rxb2 Rfe8 16. h3 Bxf3 17. Qxf3 Re6 18. Ng3 Rae8 19. Qd1 h6 20. Rd2 Qb8
21. Qc2 Nf4 22. Rfd1 Rg6 23. Kh1 h5 24. Rg1 Qc7 25. Nf5 Qd8 26. f3 Qg5 27. Rxd6
Rxd6 28. Nxd6 Rd8 29. Nf5 Qf6 30. Rd1 Rxd1+ 31. Qxd1 g6 32. Ne3 Qc3 33. Nf1 Nd3
34. Qd2 Qd4 35. Kh2 h4 36. Qg5 Qd6+ 37. g3 hxg3+ 38. Qxg3 Qxg3+ 39. Kxg3 Nc1
40. Nd2 Nxa2 41. Kg4 Nb4 42. h4 Kg7 43. h5 Nd3 44. hxg6 Kxg6 45. f4 Nf2+ 46.
Kf3 Nd3 47. Ke3 Nb4 48. f5+ Kf6 49. Nf3 a5 50. Ne1 Kg5 51. Ng2 Nc2+ 52. Kd3 Nd4
53. Kc3 Ne2+ 54. Kd2 Nd4 55. Kc3 Ne2+ 56. Kb2 Kg4 57. Ka3 Kf3 58. Ne1+ Kxe4 59.
Ka4 Nc1 60. f6 Ke5 61. Nf3+ Kxf6 62. Nd2 Ke5 63. Kxa5 Kd4 64. Kb6 Kc3 65. Ne4+
Kxb3 66. Kxc5 f5 67. Nd2+ Kc3 68. Nf1 Nd3+ 69. Kxc6 Kxc4 70. Ne3+ 1/2-1/2

[Event "16. Obert Int. Sant Martí 2014 Grupo B"]
[Site "Barcelona ESP"]
[Date "2014.07.15"]
[Round "3.44"]
[White "Baltasar Diaz, Vicente"]
[Black "Mas Sayos, Lluis"]
[Result "1-0"]
[WhiteElo "1932"]
[BlackElo "1823"]
[PlyCount "53"]
[EventDate "2014.07.13"]
[EventType "swiss"]
[EventRounds "9"]
[EventCountry "ESP"]
[Source "lmi"]
[SourceDate "2014.07.13"]

1. e4 c5 2. Nf3 e6 3. d4 cxd4 4. Nxd4 a6 5. c4 Nc6 6. Nc3 Qc7 7. Be3 d6 8. Be2
Nf6 9. O-O Be7 10. Rb1 O-O 11. b4 Nxd4 12. Qxd4 Bd7 13. a4 Rac8 14. Rfc1 Qb8
15. b5 axb5 16. cxb5 e5 17. Qa7 Qxa7 18. Bxa7 Be6 19. a5 d5 20. exd5 Nxd5 21.
Nxd5 Bxd5 22. a6 Ba3 23. Rxc8 Rxc8 24. axb7 Bxb7 25. b6 e4 26. f3 f5 27. Rd1
1-0

[Event "16. Obert Int. Sant Martí 2014 Grupo B"]
[Site "Barcelona ESP"]
[Date "2014.07.15"]
[Round "3.45"]
[White "Clifford, Neil"]
[Black "Ylla Soro, Rafael"]
[Result "1/2-1/2"]
[WhiteElo "1923"]
[BlackElo "1799"]
[PlyCount "47"]
[EventDate "2014.07.13"]
[EventType "swiss"]
[EventRounds "9"]
[EventCountry "ESP"]
[Source "lmi"]
[SourceDate "2014.07.13"]

1. e4 c5 2. Nc3 e6 3. f4 a6 4. a4 Nc6 5. Nf3 Qc7 6. Bc4 Qxf4 7. O-O Qc7 8. Qe1
d6 9. d3 Nf6 10. Qg3 Nh5 11. Qg5 Nf6 12. Be3 h6 13. Qg3 Nh5 14. Qf2 b6 15. Ne2
Be7 16. Ng3 Nxg3 17. Qxg3 Bf6 18. c3 Qe7 19. Qe1 O-O 20. Qd2 Ne5 21. Nxe5 dxe5
22. Rf3 Bg5 23. Raf1 Bxe3+ 24. Qxe3 1/2-1/2

[Event "16. Obert Int. Sant Martí 2014 Grupo B"]
[Site "Barcelona ESP"]
[Date "2014.07.15"]
[Round "3.46"]
[White "Collell Rodriguez, Victor"]
[Black "Sarrio Vendrell, Nerea"]
[Result "1-0"]
[WhiteElo "1911"]
[BlackElo "1792"]
[PlyCount "69"]
[EventDate "2014.07.13"]
[EventType "swiss"]
[EventRounds "9"]
[EventCountry "ESP"]
[Source "lmi"]
[SourceDate "2014.07.13"]

1. e4 e5 2. Bc4 Bc5 3. Nf3 Nc6 4. Nc3 d6 5. d3 Bg4 6. h3 Bh5 7. g4 Bg6 8. Be3
Bb4 9. a3 Bxc3+ 10. bxc3 Nf6 11. Qe2 Qe7 12. Rb1 Na5 13. Ba2 b6 14. O-O Rd8 15.
Bd2 O-O 16. c4 Nc6 17. c3 Rfe8 18. Nh2 h6 19. f4 exf4 20. Rxf4 Qd7 21. Qf1 Re7
22. Rf2 Rf8 23. Rxf6 gxf6 24. Bxh6 Re6 25. Bxf8 Kxf8 26. c5 Re7 27. Qxf6 Kg8
28. Qxg6+ Kf8 29. Qh6+ Kg8 30. cxd6 cxd6 31. Rf1 Nd8 32. Rf5 Qxf5 33. gxf5 a5
34. f6 Re5 35. Qg7# 1-0

[Event "16. Obert Int. Sant Martí 2014 Grupo B"]
[Site "Barcelona ESP"]
[Date "2014.07.15"]
[Round "3.47"]
[White "Larios Jimenez, Rafael"]
[Black "Llopis Jordan, Lluis"]
[Result "1/2-1/2"]
[WhiteElo "1791"]
[BlackElo "1908"]
[PlyCount "74"]
[EventDate "2014.07.13"]
[EventType "swiss"]
[EventRounds "9"]
[EventCountry "ESP"]
[Source "lmi"]
[SourceDate "2014.07.13"]

1. f4 Nf6 2. Nf3 d5 3. e3 c5 4. b3 Nc6 5. Bb5 Bd7 6. Bb2 e6 7. O-O Be7 8. d3
O-O 9. Bxc6 Bxc6 10. Ne5 Rc8 11. Nd2 b5 12. c4 Qb6 13. Ndf3 h6 14. Qe1 dxc4 15.
bxc4 Rfd8 16. Rb1 b4 17. Qh4 Qb7 18. Qg3 Ba4 19. Rbc1 Ne8 20. d4 Nf6 21. Qe1
Bc6 22. Nxc6 Qxc6 23. Rd1 cxd4 24. Ne5 Qa4 25. Bxd4 Ne4 26. Rc1 Bf6 27. c5 Bxe5
28. fxe5 a5 29. Rf4 Qc6 30. Qf1 Rd7 31. Qf3 Ng5 32. Qxc6 Rxc6 33. h4 Nh7 34.
Rcf1 Nf8 35. h5 Re7 36. R1f3 Nd7 37. Rf2 Nb8 1/2-1/2

[Event "16. Obert Int. Sant Martí 2014 Grupo B"]
[Site "Barcelona ESP"]
[Date "2014.07.15"]
[Round "3.48"]
[White "Domenche Redondo, Francesc"]
[Black "Negreira Rodriguez, Daniel"]
[Result "1/2-1/2"]
[WhiteElo "1906"]
[BlackElo "1786"]
[PlyCount "56"]
[EventDate "2014.07.13"]
[EventType "swiss"]
[EventRounds "9"]
[EventCountry "ESP"]
[Source "lmi"]
[SourceDate "2014.07.13"]

1. d4 d5 2. Nf3 Nc6 3. Bf4 Bf5 4. c3 Nf6 5. h3 e6 6. Nbd2 Bd6 7. e3 Bxf4 8.
exf4 a6 9. Ne5 Ne7 10. Ndf3 h6 11. Bd3 Ne4 12. Bc2 f6 13. Nd3 Nc6 14. Nh4 g6
15. g4 g5 16. gxf5 gxh4 17. Qh5+ Ke7 18. fxe6 Qd6 19. Qf7+ Kd8 20. Rg1 Ne7 21.
Rg7 Re8 22. f3 Ng3 23. O-O-O Ngf5 24. Rg4 Ne3 25. Nc5 Ra7 26. Qxf6 Nxd1 27.
Kxd1 Kc8 28. Qf7 Rd8 1/2-1/2

[Event "16. Obert Int. Sant Martí 2014 Grupo B"]
[Site "Barcelona ESP"]
[Date "2014.07.15"]
[Round "3.50"]
[White "Flores Muñoz, Daniel"]
[Black "Martin Palau, Roger"]
[Result "0-1"]
[WhiteElo "1899"]
[BlackElo "1750"]
[PlyCount "96"]
[EventDate "2014.07.13"]
[EventType "swiss"]
[EventRounds "9"]
[EventCountry "ESP"]
[Source "lmi"]
[SourceDate "2014.07.13"]

1. d4 e6 2. e4 d5 3. e5 c5 4. c3 Nc6 5. Be3 cxd4 6. Bxd4 Nh6 7. Bd3 Nxd4 8.
cxd4 Bd7 9. Ne2 Rc8 10. O-O Be7 11. Nd2 O-O 12. f4 Nf5 13. Bxf5 exf5 14. Nc3
Qb6 15. Nb3 Bc6 16. Kh1 a5 17. Rb1 Rfd8 18. Qd3 a4 19. Nc5 Bxc5 20. dxc5 Qxc5
21. Qxf5 d4 22. Ne4 Bxe4 23. Qxe4 Qd5 24. Qxd5 Rxd5 25. Rfd1 Kf8 26. Kg1 Rc2
27. Rd3 Ke7 28. b3 Rxa2 29. bxa4 Rxa4 30. Rxb7+ Rd7 31. Rxd7+ Kxd7 32. Kf2 Kc6
33. Kf3 Kd5 34. g4 Ra2 35. h3 Kc4 36. Rd1 d3 37. Rc1+ Rc2 38. Rd1 Kd4 39. h4
Rh2 40. h5 d2 41. Kg3 Re2 42. Kf3 Kd3 43. f5 Re1 44. e6 fxe6 45. h6 gxh6 46.
Kf2 exf5 47. Rxe1 dxe1=Q+ 48. Kxe1 fxg4 0-1

[Event "16. Obert Int. Sant Martí 2014 Grupo B"]
[Site "Barcelona ESP"]
[Date "2014.07.15"]
[Round "3.51"]
[White "Albert Estebanez, Carlos"]
[Black "Olleta Tanya, Jordi"]
[Result "1-0"]
[WhiteElo "1890"]
[BlackElo "1749"]
[PlyCount "97"]
[EventDate "2014.07.13"]
[EventType "swiss"]
[EventRounds "9"]
[EventCountry "ESP"]
[Source "lmi"]
[SourceDate "2014.07.13"]

1. e4 e6 2. d3 Nc6 3. Nd2 d5 4. Ngf3 dxe4 5. dxe4 Bc5 6. c3 Nge7 7. Bc4 a6 8.
a4 Ng6 9. O-O O-O 10. b4 Bd6 11. Bb3 Nce5 12. Nxe5 Bxe5 13. Qc2 b6 14. Nc4 Bf4
15. Be3 Bxe3 16. Nxe3 Qg5 17. Rad1 Nf4 18. Bc4 Bb7 19. Rd7 Rac8 20. Rfd1 Rfd8
21. g3 Ng6 22. Bf1 Ne5 23. Rxd8+ Rxd8 24. Bg2 Rxd1+ 25. Qxd1 Qe7 26. f4 Nd7 27.
Qd2 Nf6 28. e5 Bxg2 29. exf6 gxf6 30. Kxg2 Qe8 31. Ng4 Qc6+ 32. Kf2 Kg7 33. Qd4
e5 34. fxe5 fxe5 35. Qxe5+ f6 36. Qe7+ Kg6 37. Qe3 Kf7 38. Qf3 Qd6 39. Nh6+ Ke8
40. Qh5+ Kd7 41. Qg4+ Kc6 42. Qe4+ Qd5 43. Ke3 Qxe4+ 44. Kxe4 Kd6 45. Nf5+ Kc6
46. Nd4+ Kd6 47. c4 c5 48. bxc5+ bxc5 49. Nf5+ 1-0

[Event "16. Obert Int. Sant Martí 2014 Grupo B"]
[Site "Barcelona ESP"]
[Date "2014.07.15"]
[Round "3.53"]
[White "Sanchez Paz, Josep"]
[Black "Garcia Hernandez, Jose Luis"]
[Result "1-0"]
[WhiteElo "1882"]
[BlackElo "1700"]
[PlyCount "43"]
[EventDate "2014.07.13"]
[EventType "swiss"]
[EventRounds "9"]
[EventCountry "ESP"]
[Source "lmi"]
[SourceDate "2014.07.13"]

1. d4 Nf6 2. c4 g6 3. Nc3 Bg7 4. e4 d6 5. f4 Bg4 6. Nf3 Nfd7 7. Be3 e5 8. Be2
Nc6 9. d5 Bxf3 10. dxc6 Bxe2 11. cxd7+ Qxd7 12. Qxe2 f5 13. O-O O-O 14. Rad1
Qc6 15. Nd5 Rf7 16. exf5 gxf5 17. Rf3 Kh8 18. Rh3 Qd7 19. Qh5 Bf6 20. fxe5 Bxe5
21. Nf4 Rg8 22. Ng6+ 1-0

[Event "16. Obert Int. Sant Martí 2014 Grupo B"]
[Site "Barcelona ESP"]
[Date "2014.07.15"]
[Round "3.54"]
[White "Kazmierczak, Ewa"]
[Black "Brunet Gil, Pol"]
[Result "1/2-1/2"]
[WhiteElo "1563"]
[BlackElo "1880"]
[PlyCount "63"]
[EventDate "2014.07.13"]
[EventType "swiss"]
[EventRounds "9"]
[EventCountry "ESP"]
[Source "lmi"]
[SourceDate "2014.07.13"]

1. e4 c5 2. Nf3 Nc6 3. d4 cxd4 4. Nxd4 e5 5. Nb5 a6 6. Nd6+ Bxd6 7. Qxd6 Qf6 8.
Qxf6 Nxf6 9. Nc3 Nb4 10. Bd3 Nxd3+ 11. cxd3 h6 12. h3 d6 13. b3 Be6 14. Bb2 O-O
15. O-O Rfe8 16. Rfe1 Bd7 17. Rac1 Bc6 18. Re3 Nd7 19. f3 Nb6 20. Rd1 f6 21. d4
Rad8 22. dxe5 dxe5 23. Red3 Rxd3 24. Rxd3 Kf7 25. Ba3 Nd7 26. Kf2 Nf8 27. h4 h5
28. g3 Ne6 29. Rd2 Rd8 30. Rxd8 Nxd8 31. Nd5 Ne6 32. Bb2 1/2-1/2

[Event "16. Obert Int. Sant Martí 2014 Grupo B"]
[Site "Barcelona ESP"]
[Date "2014.07.15"]
[Round "3.56"]
[White "Ramon Herraez, Alex"]
[Black "Riera Danes, Manel"]
[Result "0-1"]
[WhiteElo "1832"]
[BlackElo "2048"]
[PlyCount "72"]
[EventDate "2014.07.13"]
[EventType "swiss"]
[EventRounds "9"]
[EventCountry "ESP"]
[Source "lmi"]
[SourceDate "2014.07.13"]

1. d4 d5 2. Bf4 e6 3. e3 Nf6 4. Nf3 Be7 5. Be2 Nbd7 6. O-O O-O 7. c4 c5 8. cxd5
Nxd5 9. Bg3 N7f6 10. dxc5 Bxc5 11. Nbd2 Qb6 12. Nb3 Be7 13. Nfd4 Bd7 14. Rc1
Rac8 15. Qd3 Nb4 16. Qb1 a6 17. a3 Nc6 18. Nxc6 Bxc6 19. Nd4 Be4 20. Qa1 Bg6
21. Rfd1 Ne4 22. Rxc8 Rxc8 23. Rc1 Qd8 24. Bf3 Nxg3 25. hxg3 Rc7 26. Rxc7 Qxc7
27. Qd1 Bf6 28. Qb3 e5 29. Ne2 b6 30. Qa4 Qc8 31. Bb7 Qd8 32. Qxa6 Bd3 33. Qa4
Bxe2 34. Bd5 Bh5 35. Ba2 Qd1+ 36. Qxd1 Bxd1 0-1

[Event "16. Obert Int. Sant Martí 2014 Grupo B"]
[Site "Barcelona ESP"]
[Date "2014.07.15"]
[Round "3.57"]
[White "Bernat Pascual, Magí"]
[Black "Jourde, Michel"]
[Result "0-1"]
[WhiteElo "1869"]
[BlackElo "1805"]
[PlyCount "68"]
[EventDate "2014.07.13"]
[EventType "swiss"]
[EventRounds "9"]
[EventCountry "ESP"]
[Source "lmi"]
[SourceDate "2014.07.13"]

1. d4 Nf6 2. c4 e5 3. dxe5 Ng4 4. Nf3 Nc6 5. Nc3 Ngxe5 6. Nxe5 Nxe5 7. e3 d6 8.
Be2 c6 9. b3 Qg5 10. O-O Bh3 11. Bf3 Nxf3+ 12. Qxf3 Be6 13. Bb2 h5 14. Qg3 Qh6
15. h4 Qh7 16. Rad1 Qc2 17. Na4 O-O-O 18. Rc1 Qe4 19. Nc3 Qh7 20. Rcd1 Qc2 21.
Na4 Rg8 22. Rc1 Qh7 23. Rfd1 g5 24. Bf6 gxh4 25. Qxh4 Rd7 26. Rd4 Qg6 27. g3
Bg4 28. Kf1 Qf5 29. Nb2 Bh6 30. Re1 Rg6 31. Bh8 Rd8 32. e4 Qe6 33. e5 Rxh8 34.
exd6 Bh3+ 0-1

[Event "16. Obert Int. Sant Martí 2014 Grupo B"]
[Site "Barcelona ESP"]
[Date "2014.07.15"]
[Round "3.58"]
[White "Gomez Albamonte, Sonia"]
[Black "Sanchez Viana, Jordi"]
[Result "1/2-1/2"]
[WhiteElo "1700"]
[BlackElo "1862"]
[PlyCount "46"]
[EventDate "2014.07.13"]
[EventType "swiss"]
[EventRounds "9"]
[EventCountry "ESP"]
[Source "lmi"]
[SourceDate "2014.07.13"]

1. c4 e5 2. Nc3 Nc6 3. d3 Nf6 4. Nf3 d5 5. cxd5 Nxd5 6. Bd2 Be7 7. g3 O-O 8.
Bg2 Nf6 9. O-O Rb8 10. a3 Be6 11. Rc1 Nd5 12. Nxd5 Bxd5 13. e4 Be6 14. Bc3 f6
15. d4 exd4 16. Nxd4 Nxd4 17. Bxd4 b6 18. Qa4 c5 19. Bc3 Qd7 20. Qc2 Qb5 21.
Rfe1 Bb3 22. Bf1 Qa4 23. Qe2 Bd6 1/2-1/2

[Event "16. Obert Int. Sant Martí 2014 Grupo B"]
[Site "Barcelona ESP"]
[Date "2014.07.15"]
[Round "3.59"]
[White "Herrera Vargas, Carlo Esteban"]
[Black "Molina Mañas, Miquel"]
[Result "0-1"]
[WhiteElo "1748"]
[BlackElo "1832"]
[PlyCount "49"]
[EventDate "2014.07.13"]
[EventType "swiss"]
[EventRounds "9"]
[EventCountry "ESP"]
[Source "lmi"]
[SourceDate "2014.07.13"]

1. e4 e6 2. d4 d5 3. exd5 exd5 4. Nf3 Nf6 5. Bg5 Be7 6. Bb5+ c6 7. Bd3 Bg4 8.
h3 Bxf3 9. Qxf3 O-O 10. O-O Nbd7 11. Nd2 Qb6 12. Qe3 Rfe8 13. b3 Bd6 14. Qf3
Qxd4 15. Rae1 Re5 16. Bf4 Rxe1 17. Bxd6 Rxf1+ 18. Nxf1 Ne4 19. Qf4 Qf6 20. f3
Nxd6 21. Qxf6 Nxf6 22. Ng3 Re8 23. Kf2 Nd7 24. c4 Ne5 25. Ke3 0-1